00378nam a2200145Ia 4500008004100000082001300041100001800054245002900072250000900101260005100110300001100161500002400172650001500196700002100211230524s9999 xx 000 0 und d a912bAGV aAnne M.R.Agur 0aGrant's Atlas of Anatomy a11TH aNEW DELHIbLippincott Williams & Wilkinsc2005 aXI;823 aQuantity Number: 1 aBiomedical a Arthur F.Dalley